| 000 | 01305cam a2200397 a 4500 | ||
|---|---|---|---|
| 999 |
_c11176 _d11176 |
||
| 001 | 16916104 | ||
| 003 | GZU | ||
| 005 | 20240403114243.0 | ||
| 008 | 110811s2012 paua b 001 0 eng | ||
| 010 | _a 2011034182 | ||
| 020 | _a9780803627673 | ||
| 020 | _a080362767X | ||
| 022 | _aNo number | ||
| 035 | _a(DNLM)101566721 | ||
| 040 |
_aDNLM/DLC _cDLC _dDLC |
||
| 042 | _apcc | ||
| 050 | 0 | 0 |
_aRC440 _bTOW 2012 |
| 060 | 1 | 0 | _aWY 160 |
| 082 | 0 | 0 |
_a616.89/0231 _223 |
| 100 | 1 |
_aTownsend, Mary C., _d1941- |
|
| 245 | 1 | 0 |
_aPsychiatric mental health nursing: _bconcepts of care in evidence-based practice/ _cMary C. Townsend. |
| 250 | _aSeventh edition | ||
| 260 |
_aPhiladelphia: _bF.A. Davis Co., _cc2012. |
||
| 300 |
_axxviii, 1065pages; _bcoloured illustrations; _c30cm. + _e1 CD-ROM (4 3/4in.) |
||
| 504 | _aIncludes bibliographical references and index. | ||
| 505 | _rMary C. Townsend | ||
| 520 | _aPsychiatric mental health | ||
| 650 | 0 | _aPsychiatric nursing. | |
| 650 | 1 | 2 |
_aPsychiatric Nursing _xmethods. |
| 650 | 2 | 2 | _aEvidence-Based Nursing. |
| 650 | 2 | 2 |
_aMental Disorders _xnursing. |
| 650 | 2 | 2 |
_aPsychotherapy _xmethods. |
| 906 |
_a7 _bcbc _corignew _d1 _eecip _f20 _gy-gencatlg |
||
| 942 |
_2lcc _cBK _eSeventh edition _h440 _iTOW _kRC |
||